Online Catalogue and eLibrary

Forced migration and changing local political economies : (Record no. 599)

MARC details
000 -LEADER
fixed length control field 00585cam a2200193 a 4500
001 - CONTROL NUMBER
control field 12620312
005 - DATE AND TIME OF LATEST TRANSACTION
control field 20240322042606.0
008 - FIXED-LENGTH DATA ELEMENTS--GENERAL INFORMATION
fixed length control field 800108s2001 ce b 000 0 eng
020 ## - INTERNATIONAL STANDARD BOOK NUMBER
ISBN 9559102435
040 ## - CATALOGING SOURCE (பட்டியலாக்க மூலம்)
Original cataloging agency DLC
Transcribing agency DLC
Modifying agency DLC
082 00 - DDC Classification
Class No. 325.954.
DDC Edition Number 21
Item Number - Author Mark FOR.
100 1# - MAIN ENTRY--PERSONAL NAME
Personal name Shanmugaratnam, N.
245 10 - TITLE STATEMENT
Title Forced migration and changing local political economies :
Remainder of title a study from north-western Sri Lanka /
Statement of responsibility, etc. N. Shanmugaratnam.
250 ## - EDITION STATEMENT
Edition statement 2 nd.
260 ## - PUBLICATION, DISTRIBUTION, ETC.
Place of publication, distribution, etc. Colombo :
Name of publisher, distributor, etc. Social Scientists' Association,
Date of publication, distribution, etc. 2007.
300 ## - PHYSICAL DESCRIPTION
Extent (e.g. Volumes, Pages etc.) ix, 67 p. ;
650 #0 - SUBJECT ADDED ENTRY--TOPICAL TERM
Topical term or geographic name entry element Migration, Internal
942 ## - Koha item type (Biblio)
Koha item type Books in Stacks (Lending)
Holdings
Lost status Damaged status Collection code Home library Current library Date acquired Full call number Accession Number Item type
    Lending WERC Library WERC Library 03/22/2024 325.954. FOR. 6764 Books in Stacks (Lending)

© WERC Library